Normal view
MARC view
- التير، مصطفى عمر / م.مشارك: سليمان مانه، محمد الزرقاني
Entry Personal Name
001 - CONTROL NUMBER
- control field: 37526
003 - CONTROL NUMBER IDENTIFIER
- control field: JO-AjAnu
005 - DATE AND TIME OF LATEST TRANSACTION
- control field: 20230606080246.0
008 - FIXED-LENGTH DATA ELEMENTS
- fixed length control field: 230606|| aca||aabn | a|a d
040 ## - CATALOGING SOURCE
- Original cataloging agency: JO-AjAnu
- Transcribing agency: JO-AjAnu
100 ## - HEADING--PERSONAL NAME
- Personal name: التير، مصطفى عمر / م.مشارك: سليمان مانه، محمد الزرقاني
670 ## - SOURCE DATA FOUND
- Source citation: Work cat.: (JO-AjAnu)19255: التير، مصطفى عمر / م.مشارك: سليمان مانه، محمد الزرقاني, author, انماط التكيف الاجتماعي في القرى الزراعية الجديدة